| 000 | 00772nam a2200229 a 4500 | ||
|---|---|---|---|
| 001 | 000016382 | ||
| 005 | 20200929164411.0 | ||
| 008 | 100304s1989 dr ad 001 0 spa d | ||
| 040 |
_aDO-SdBNP _bspa _cBNPHU |
||
| 082 |
_a510.07 _bP692e |
||
| 110 | 1 |
_aRepública Dominicana _9447 |
|
| 245 | 1 | 3 | _aLa problemática de la enseñanza universitaria de las matemáticas en la República Dominicana. |
| 260 |
_aSanto Domingo : _bUNIBE _fAmigo del Hogar _c1989. |
||
| 300 |
_a87 p. : _bil.; diag. ; _c23 cm. |
||
| 490 | 1 |
_aSeminarios _v2 |
|
| 500 | _aIncluye nota al pie de páginas | ||
| 504 | _aIncluye bibliografías [p. 85] | ||
| 650 | 4 |
_aMatemáticas _xEnseñanza _926423 |
|
| 710 | 2 |
_aUniversidad Iberoamericana _936529 |
|
| 830 | 0 |
_aSeminarios _n2 _936530 |
|
| 049 | _aBNPD | ||
| 999 |
_c15917 _d15917 |
||